000 01079pam a2200313 a 4500
001 1561862
003 GBCCL
005 20241126110419.0
008 921112s1993 mou 001 0 eng
010 _a 92041904
020 _a0570046033 :
_c$15.95
040 _aDLC
_cDLC
_dDLC
050 0 0 _aJC481
_b.V36 1993
082 0 0 _a320.533
_220
_bVEI
100 1 _aVeith, Gene Edward,
_cJr.,
_d1951-
_94401
245 1 0 _aModern fascism :
_bliquidating the Judeo-Christian worldview /
_cGene Edward Veith, Jr.
260 _aSt. Louis :
_bConcordia,
_cc1993.
300 _a187 p. ;
_c23 cm.
440 0 _aConcordia scholarship today
_92627
500 _aIncludes index.
650 0 _aFascism.
_94402
650 0 _aFascist ethics.
_94403
650 0 _aIntellectuals.
_94404
650 0 _aImmanence (Philosophy)
_94405
650 0 _aTranscendence (Philosophy)
_94406
906 _a7
_bcbc
_corignew
_d1
_eocip
_f19
_gy-gencatlg
942 _2ddc
_cBK
_01
999 _c2148
_d2148